Championship Losers (2000s) Quiz Stats

 Plays Quiz Updated Jun 20, 2018

Score 0/39 Timer 06:00
0 Plays Today
% Correct
Philadelphia Phillies
88.2%
New England Patriots
85.1%
Los Angeles Lakers
84.4%
Arizona Cardinals
80.9%
Tampa Bay Rays
77.5%
New York Yankees
75.5%
Chicago Bears
73.1%
Orlando Magic
73%
New York Yankees
71.4%
Oakland Raiders
68.6%
St. Louis Cardinals
67.9%
St. Louis Rams
67.2%
Colorado Rockies
65.7%
Tennessee Titans
65.5%
Dallas Mavericks
65.5%
Los Angeles Lakers
64.9%
Seattle Seahawks
64.8%
Philadelphia Eagles
62.8%
Cleveland Cavaliers
62.3%
New York Giants
61.8%
% Correct
Carolina Panthers
60.8%
Detroit Tigers
60.6%
Detroit Pistons
60.4%
New York Mets
59.9%
Detroit Red Wings
59.1%
San Francisco Giants
58.6%
Pittsburgh Penguins
54.7%
Houston Astros
54.2%
Philadelphia 76ers
50.4%
New Jersey Nets
47.3%
New Jersey Nets
45.8%
Indiana Pacers
36.3%
New Jersey Devils
24.6%
Calgary Flames
22.9%
Edmonton Oilers
22%
Mighty Ducks of Anaheim
20.9%
Ottawa Senators
20.3%
Dallas Stars
20%
Carolina Hurricanes
15.1%

You're not logged in!

Compare scores with friends on all Sporcle quizzes.
OR
Log In

Sporcle TV

Today on Sporcle TV


Watch our educational content, quiz creation guides, and fun videos on Sporcle TV.

Show Comments

Extras

Top Quizzes Today


Score Distribution

Your Account Isn't Verified!

In order to create a playlist on Sporcle, you need to verify the email address you used during registration. Go to your Sporcle Settings to finish the process.

Report this User

Report this user for behavior that violates our Community Guidelines.

Details: